IPL Team names (including old names) - Statistics

General Stats
  • This quiz has been taken 686 times
  • The average score is 14 of 17
Answer Stats
Hint Answer % Correct
Playing (2016-17 banned) Chennai Super Kings
97%
Playing Mumbai Indians
96%
Playing Royal Challengers Bengaluru
93%
Playing Kolkata Knight Riders
91%
Playing Delhi Capitals
88%
Playing from 2022 Gujarat Titans
88%
Playing Punjab Kings
87%
Playing (2016-17 banned) Rajasthan Royals
87%
Playing from 2022 Lucknow Super Giants
86%
Playing from 2013 Sunrisers Hyderabad
86%
Defunct (2012) Deccan Chargers
79%
Old name of the above team Kings XI Punjab
72%
Old name of the above team Delhi Daredevils
71%
Defunct (2017) Gujarat Lions
67%
Defunct (2017) Rising Pune Supergiants
62%
Defunct (2013) Pune Warriors India
58%
Defunct (2011) Kochi Tuskers Kerala
53%
No matching quizzes found
Score Distribution
Percent of People with Each Score
Percentile by Number Answered
Your Score History
You have not taken this quiz